书目信息 |
| 题名: |
做出明智判断的10个方法
|
|
| 作者: | 巴吉尼 著 ;杨红玉 译 | |
| 分册: | ||
| 出版信息: | 长春 吉林文史出版社 2019.12 |
|
| 页数: | 137页 | |
| 开本: | 21cm | |
| 丛书名: | ||
| 单 册: | ||
| 中图分类: | B842.5-49 | |
| 科图分类: | ||
| 主题词: | 决策(心理学)--jue ce ( xin li xue )--通俗读物 | |
| 电子资源: | ||
| ISBN: | 978-7-5472-6662-5 | |
| 000 | 01946nam0 2200325 450 | |
| 001 | 012001001669 | |
| 005 | 20140201164134.0 | |
| 010 | @a978-7-5472-6662-5@dCNY59.90 | |
| 099 | @aCAL 012020038936 | |
| 100 | @a20220905d2019 em y0chiy50 ea | |
| 101 | 1 | @achi@ceng |
| 102 | @aCN@b220000 | |
| 105 | @ay z 000yy | |
| 106 | @ar | |
| 200 | 1 | @a做出明智判断的10个方法@Azuo chu ming zhi pan duan de 10 ge fang fa@f(英) 朱利安·巴吉尼著@d= A short history of truth@econsolations for a post-truth world@fJulian Baggini@g杨红玉译@zeng |
| 210 | @a长春@c吉林文史出版社@d2019.12 | |
| 215 | @a137页@d21cm | |
| 300 | @a湛庐 | |
| 306 | @a本书中文简体字版由QUWRCUS EDUTIONS LIMITED授权在中华人民共和国境内独家出版发行 | |
| 312 | @a封面题副题名:让你在超复杂的时代做一个清醒的思考者 | |
| 314 | @a朱利安·巴吉尼(Julian Baggini),英国著名哲学家和作家,被誉为“英国哲学科普天王”,《哲学家杂志》共同创办人,《卫报》《独立报》《泰晤士报》《金融时报》《新政治家》等多家著名报刊的特约撰稿人。 | |
| 330 | @a本书内容简介:在本书中,英国哲学科普天王朱利安·巴吉尼提出了10个能帮你做出明智判断和决策的方法,并通过详细的论证让你重塑对世界的认知。书中提出的方法和主题大多针对人固有的思维误区的,比如应该对各类专家的发言持怎样的态度、缺乏科学实证的民间经验是否完全不可信、道德判断与事实之间存在什么关系,等等。本书是一本能给你带来认知升级的重磅作品,体会、掌握这10个法则,你就能重塑对以往认知世界的方式,做复杂时代里的明白人。 | |
| 500 | 10 | @aShort history of truth : consolations for a post-truth world@AShort History Of Truth : Consolations For A Post-truth World@mChinese |
| 517 | 1 | @a让你在超复杂的时代做一个清醒的思考者@Arang ni zai chao fu za de shi dai zuo yi ge qing xing de si kao zhe |
| 606 | 0 | @a决策(心理学)@Ajue ce ( xin li xue )@j通俗读物 |
| 690 | @aB842.5-49@v5 | |
| 701 | 1 | @a巴吉尼@Aba ji ni@g(Baggini, Julian)@4著 |
| 702 | 0 | @a杨红玉@Ayang hong yu@4译 |
| 801 | 0 | @aCN@bAHXH@c20221111 |
| 905 | @b1366709-13@dB842.5-49@e4397@f5 | |
| 做出明智判断的10个方法/(英) 朱利安·巴吉尼著= A short history of truth:consolations for a post-truth world/Julian Baggini/杨红玉译.-长春:吉林文史出版社,2019.12 |
| 137页;21cm |
| 湛庐 |
| ISBN 978-7-5472-6662-5:CNY59.90 |
| 本书内容简介:在本书中,英国哲学科普天王朱利安·巴吉尼提出了10个能帮你做出明智判断和决策的方法,并通过详细的论证让你重塑对世界的认知。书中提出的方法和主题大多针对人固有的思维误区的,比如应该对各类专家的发言持怎样的态度、缺乏科学实证的民间经验是否完全不可信、道德判断与事实之间存在什么关系,等等。本书是一本能给你带来认知升级的重磅作品,体会、掌握这10个法则,你就能重塑对以往认知世界的方式,做复杂时代里的明白人。 |
| ● |
| 相关链接 |
|
|
|
|
正题名:做出明智判断的10个方法
索取号:B842.5-49/4397
 
预约/预借
| 序号 | 登录号 | 条形码 | 馆藏地/架位号 | 状态 | 备注 |
| 1 | 1366709 | 213667094 | 第一样本阅览室/ [索取号:B842.5-49/4397] | 在馆 | |
| 2 | 1366710 | 213667101 | 教育系资料室/ [索取号:B842.5-49/4397] | 在馆 | |
| 3 | 1366711 | 213667110 | 教育系资料室/ [索取号:B842.5-49/4397] | 在馆 | |
| 4 | 1366712 | 213667129 | 第一借阅区/ [索取号:B842.5-49/4397] | 在馆 | |
| 5 | 1366713 | 213667138 | 第一借阅区/ [索取号:B842.5-49/4397] | 在馆 | |
| 6 | 1399461 | 213994613 | 第一借阅区/ [索取号:B842.5-49/4397] | 在馆 | |
| 7 | 1399462 | 213994622 | 第一借阅区/ [索取号:B842.5-49/4397] | 在馆 | |
| 8 | 1399463 | 213994631 | 第一借阅区/ [索取号:B842.5-49/4397] | 在馆 | |
| 9 | 1399464 | 213994640 | 第一借阅区/ [索取号:B842.5-49/4397] | 在馆 |